[Event "DVM U20 2017"]
[Site "Düsseldorf GER"]
[Date "2017.12.28"]
[Round "4"]
[White "Pluska, Alexander"]
[Black "Martin, Julian"]
[Result "1/2-1/2"]
[Termination "normal"]
[Board "1.1"]
[BlackTitle "FM"]
[WhiteElo "2196"]
[BlackElo "2429"]
[WhiteClock "00:30:00"]
[BlackClock "00:03:43"]
[WhiteTeam "SK Doppelbauer Kiel"]
[BlackTeam "OSG Baden-Baden"]
[PlyCount "78"]
[WhiteFideId "12975141"]
[BlackFideId "12941000"]
[EventCountry "GER"]
[EventRounds "7"]
[EventType "team-swiss"]
[EventDate "2017.12.26"]

1. Nf3 {[%clk 1:30:57]} Nf6 {[%clk 1:30:54]} 2. g3 {[%clk 1:31:23]} c5 {[%clk
1:29:34]} 3. Bg2 {[%clk 1:31:47]} g6 {[%clk 1:29:19]} 4. O-O {[%clk 1:32:00]}
Bg7 {[%clk 1:29:45]} 5. c4 {[%clk 1:31:56]} Nc6 {[%clk 1:29:30]} 6. Nc3 {[%clk
1:32:13]} O-O {[%clk 1:29:51]} 7. Rb1 {[%clk 1:32:02]} d5 {[%clk 1:11:22]} 8.
cxd5 {[%clk 1:32:26]} Nxd5 {[%clk 1:11:40]} 9. a3 {[%clk 1:32:27]} Bf5 {[%clk
1:04:35]} 10. d3 {[%clk 1:32:09]} Bxc3 {[%clk 1:03:50]} 11. e4 {[%clk 1:31:19]}
Bg7 {[%clk 1:03:31]} 12. exf5 {[%clk 1:31:29]} gxf5 {[%clk 1:02:03]} 13. Qb3
{[%clk 1:15:59]} b6 {[%clk 0:42:06]} 14. Nh4 {[%clk 1:16:12]} e6 {[%clk
0:41:56]} 15. Nxf5 {[%clk 1:12:41]} exf5 {[%clk 0:35:55]} 16. Qxd5 {[%clk
1:10:36]} Qxd5 {[%clk 0:36:16]} 17. Bxd5 {[%clk 1:11:03]} Rac8 {[%clk 0:36:37]}
18. Bc4 {[%clk 1:01:27]} Rfe8 {[%clk 0:19:42]} 19. Be3 {[%clk 0:57:37]} Bd4
{[%clk 0:19:26]} 20. Rfe1 {[%clk 0:56:13]} Ne5 {[%clk 0:19:42]} 21. Kg2 {[%clk
0:55:29]} Nxc4 {[%clk 0:18:55]} 22. dxc4 {[%clk 0:55:36]} Bxe3 {[%clk 0:17:01]}
23. Rxe3 {[%clk 0:56:01]} Rxe3 {[%clk 0:17:12]} 24. fxe3 {[%clk 0:56:27]} Rd8
{[%clk 0:17:39]} 25. Kf3 {[%clk 0:51:07]} Rd2 {[%clk 0:17:37]} 26. b4 {[%clk
0:51:26]} cxb4 {[%clk 0:16:24]} 27. axb4 {[%clk 0:51:53]} Rc2 {[%clk 0:14:14]}
28. Kf4 {[%clk 0:52:14]} Rxc4+ {[%clk 0:10:23]} 29. Kxf5 {[%clk 0:52:31]} Kg7
{[%clk 0:09:28]} 30. g4 {[%clk 0:45:01]} Rc3 {[%clk 0:08:47]} 31. Kf4 {[%clk
0:44:16]} Kf6 {[%clk 0:08:50]} 32. Ra1 {[%clk 0:40:41]} Rc7 {[%clk 0:06:36]}
33. h4 {[%clk 0:40:37]} h6 {[%clk 0:07:00]} 34. e4 {[%clk 0:40:48]} Kg6 {[%clk
0:06:15]} 35. Rd1 {[%clk 0:36:58]} Rc6 {[%clk 0:05:16]} 36. Ra1 {[%clk
0:34:22]} Rc7 {[%clk 0:05:13]} 37. Rd1 {[%clk 0:34:44]} Kg7 {[%clk 0:05:17]}
38. b5 {[%clk 0:30:29]} Rc5 {[%clk 0:03:54]} 39. Rd5 {[%clk 0:30:00]} Rc1
{[%clk 0:03:43]} 1/2-1/2

[Event "DVM U20 2017"]
[Site "Düsseldorf GER"]
[Date "2017.12.28"]
[Round "4"]
[White "Heinemann, Josefine"]
[Black "Beeck, Mats"]
[Result "0-1"]
[Termination "normal"]
[Board "1.2"]
[WhiteTitle "WIM"]
[WhiteElo "2245"]
[BlackElo "2106"]
[WhiteClock "00:40:54"]
[BlackClock "00:23:01"]
[WhiteTeam "OSG Baden-Baden"]
[BlackTeam "SK Doppelbauer Kiel"]
[PlyCount "68"]
[WhiteFideId "12900460"]
[BlackFideId "12936944"]
[EventCountry "GER"]
[EventRounds "7"]
[EventType "team-swiss"]
[EventDate "2017.12.26"]

1. e4 {[%clk 1:30:58]} g6 {[%clk 1:30:30]} 2. d4 {[%clk 1:31:21]} Bg7 {[%clk
1:30:54]} 3. Nc3 {[%clk 1:31:45]} d6 {[%clk 1:30:53]} 4. f4 {[%clk 1:31:49]}
Nf6 {[%clk 1:30:57]} 5. Nf3 {[%clk 1:32:08]} O-O {[%clk 1:31:12]} 6. e5 {[%clk
1:31:50]} dxe5 {[%clk 1:29:07]} 7. fxe5 {[%clk 1:31:20]} Nd5 {[%clk 1:29:11]}
8. Bc4 {[%clk 1:31:35]} Nxc3 {[%clk 1:23:42]} 9. bxc3 {[%clk 1:32:00]} c5
{[%clk 1:23:52]} 10. O-O {[%clk 1:31:09]} Nc6 {[%clk 1:21:59]} 11. Be3 {[%clk
1:27:06]} Qa5 {[%clk 1:18:08]} 12. Ng5 {[%clk 1:22:27]} Qxc3 {[%clk 1:13:49]}
13. Bd3 {[%clk 1:21:39]} cxd4 {[%clk 1:10:14]} 14. Bd2 {[%clk 1:20:50]} Qc5
{[%clk 1:10:26]} 15. e6 {[%clk 1:20:17]} Bxe6 {[%clk 0:56:37]} 16. Nxe6 {[%clk
1:20:35]} fxe6 {[%clk 0:57:01]} 17. Qg4 {[%clk 1:14:14]} Qd5 {[%clk 0:48:23]}
18. Qe2 {[%clk 1:03:51]} Ne5 {[%clk 0:45:48]} 19. Be4 {[%clk 0:59:56]} Qc5
{[%clk 0:43:59]} 20. Kh1 {[%clk 0:54:45]} Qc4 {[%clk 0:32:58]} 21. Qxc4 {[%clk
0:50:39]} Nxc4 {[%clk 0:31:35]} 22. Bg5 {[%clk 0:49:51]} Nd6 {[%clk 0:25:44]}
23. Bd3 {[%clk 0:49:29]} Rxf1+ {[%clk 0:24:21]} 24. Rxf1 {[%clk 0:49:53]} Re8
{[%clk 0:24:31]} 25. Kg1 {[%clk 0:46:09]} e5 {[%clk 0:24:35]} 26. Re1 {[%clk
0:43:15]} Bf6 {[%clk 0:24:40]} 27. Bd2 {[%clk 0:42:37]} e4 {[%clk 0:20:48]} 28.
Bxe4 {[%clk 0:42:39]} Nxe4 {[%clk 0:21:13]} 29. Rxe4 {[%clk 0:43:06]} Rc8
{[%clk 0:21:37]} 30. Bb4 {[%clk 0:40:58]} Rxc2 {[%clk 0:21:35]} 31. Bxe7 {[%clk
0:40:43]} Bxe7 {[%clk 0:22:00]} 32. Rxe7 {[%clk 0:41:09]} d3 {[%clk 0:22:15]}
33. Kf1 {[%clk 0:40:56]} Rc1+ {[%clk 0:22:37]} 34. Kf2 {[%clk 0:40:54]} d2
{[%clk 0:23:01]} 0-1

[Event "DVM U20 2017"]
[Site "Düsseldorf GER"]
[Date "2017.12.28"]
[Round "4"]
[White "Wanner, Lukas"]
[Black "Becker, Dirk"]
[Result "1/2-1/2"]
[Termination "normal"]
[Board "1.3"]
[WhiteElo "2024"]
[BlackElo "2258"]
[WhiteClock "00:27:29"]
[BlackClock "00:11:08"]
[WhiteTeam "SK Doppelbauer Kiel"]
[BlackTeam "OSG Baden-Baden"]
[PlyCount "50"]
[WhiteFideId "12918148"]
[BlackFideId "12938564"]
[EventCountry "GER"]
[EventRounds "7"]
[EventType "team-swiss"]
[EventDate "2017.12.26"]

1. c4 {[%clk 1:30:59]} Nf6 {[%clk 1:30:17]} 2. g3 {[%clk 1:31:18]} c5 {[%clk
1:30:31]} 3. Bg2 {[%clk 1:31:34]} d5 {[%clk 1:30:03]} 4. cxd5 {[%clk 1:31:36]}
Nxd5 {[%clk 1:29:57]} 5. Nc3 {[%clk 1:31:40]} Nc7 {[%clk 1:29:47]} 6. e3 {[%clk
1:26:10]} g6 {[%clk 1:13:05]} 7. Nge2 {[%clk 1:25:10]} Bg7 {[%clk 1:10:05]} 8.
d4 {[%clk 1:22:13]} cxd4 {[%clk 1:05:59]} 9. exd4 {[%clk 1:22:36]} O-O {[%clk
1:05:14]} 10. O-O {[%clk 1:21:01]} Nc6 {[%clk 0:58:08]} 11. d5 {[%clk 1:11:30]}
Ne5 {[%clk 0:56:42]} 12. f4 {[%clk 1:10:02]} Nc4 {[%clk 0:55:38]} 13. Qb3
{[%clk 1:09:37]} Nd6 {[%clk 0:55:01]} 14. Be3 {[%clk 1:09:13]} Bd7 {[%clk
0:46:53]} 15. Rfd1 {[%clk 1:04:11]} Ncb5 {[%clk 0:43:24]} 16. Nxb5 {[%clk
0:54:20]} Bxb5 {[%clk 0:40:11]} 17. Nd4 {[%clk 0:52:27]} Qa5 {[%clk 0:38:08]}
18. Nxb5 {[%clk 0:49:28]} Qxb5 {[%clk 0:37:00]} 19. Qxb5 {[%clk 0:49:11]} Nxb5
{[%clk 0:37:28]} 20. Rd2 {[%clk 0:32:25]} Nd6 {[%clk 0:19:36]} 21. Rc1 {[%clk
0:30:42]} Rfc8 {[%clk 0:16:52]} 22. Rdc2 {[%clk 0:30:28]} Rxc2 {[%clk 0:16:05]}
23. Rxc2 {[%clk 0:30:53]} a5 {[%clk 0:14:48]} 24. a4 {[%clk 0:28:01]} Rc8
{[%clk 0:11:14]} 25. Rxc8+ {[%clk 0:27:29]} Nxc8 {[%clk 0:11:08]} 1/2-1/2

[Event "DVM U20 2017"]
[Site "Düsseldorf GER"]
[Date "2017.12.28"]
[Round "4"]
[White "Weis, Olga"]
[Black "Rieper, Julian"]
[Result "1/2-1/2"]
[Termination "normal"]
[Board "1.4"]
[WhiteElo "1971"]
[BlackElo "2050"]
[WhiteClock "00:01:50"]
[BlackClock "00:06:32"]
[WhiteTeam "OSG Baden-Baden"]
[BlackTeam "SK Doppelbauer Kiel"]
[PlyCount "82"]
[WhiteFideId "1270234"]
[BlackFideId "12936960"]
[EventCountry "GER"]
[EventRounds "7"]
[EventType "team-swiss"]
[EventDate "2017.12.26"]

1. e4 {[%clk 1:30:55]} e5 {[%clk 1:30:45]} 2. Nf3 {[%clk 1:31:19]} Nc6 {[%clk
1:31:04]} 3. Bc4 {[%clk 1:31:39]} Nf6 {[%clk 1:30:27]} 4. d3 {[%clk 1:31:47]}
Be7 {[%clk 1:30:23]} 5. c3 {[%clk 1:30:36]} O-O {[%clk 1:30:36]} 6. O-O {[%clk
1:29:41]} d6 {[%clk 1:30:08]} 7. Bb3 {[%clk 1:29:18]} Na5 {[%clk 1:30:16]} 8.
Bc2 {[%clk 1:28:41]} c5 {[%clk 1:30:41]} 9. Nbd2 {[%clk 1:26:54]} Qc7 {[%clk
1:30:29]} 10. Re1 {[%clk 1:25:52]} Nc6 {[%clk 1:30:26]} 11. Nc4 {[%clk
1:20:04]} Re8 {[%clk 1:29:01]} 12. Ne3 {[%clk 1:15:21]} h6 {[%clk 1:28:02]} 13.
a3 {[%clk 1:11:49]} Bf8 {[%clk 1:26:40]} 14. b4 {[%clk 1:08:25]} a6 {[%clk
1:19:37]} 15. Bb2 {[%clk 0:58:24]} Bd7 {[%clk 1:17:40]} 16. d4 {[%clk 0:54:28]}
exd4 {[%clk 1:06:20]} 17. cxd4 {[%clk 0:53:12]} cxb4 {[%clk 1:04:25]} 18. d5
{[%clk 0:49:51]} Ne5 {[%clk 1:02:20]} 19. axb4 {[%clk 0:48:39]} Nfg4 {[%clk
0:59:16]} 20. Nxe5 {[%clk 0:43:11]} Nxe3 {[%clk 0:53:26]} 21. Rxe3 {[%clk
0:42:49]} dxe5 {[%clk 0:53:51]} 22. d6 {[%clk 0:31:27]} Bxd6 {[%clk 0:43:15]}
23. Rd3 {[%clk 0:30:34]} Re6 {[%clk 0:43:31]} 24. Bb3 {[%clk 0:29:14]} Rf6
{[%clk 0:43:24]} 25. Bxe5 {[%clk 0:27:14]} Bxe5 {[%clk 0:43:09]} 26. Rxd7
{[%clk 0:27:32]} Qc6 {[%clk 0:36:52]} 27. Rxf7 {[%clk 0:23:14]} Kh8 {[%clk
0:32:13]} 28. Rxf6 {[%clk 0:19:58]} Qxf6 {[%clk 0:32:07]} 29. Rc1 {[%clk
0:19:27]} Qf4 {[%clk 0:28:38]} 30. g3 {[%clk 0:19:32]} Qxe4 {[%clk 0:27:39]}
31. Bd5 {[%clk 0:16:36]} Qxb4 {[%clk 0:25:49]} 32. Rb1 {[%clk 0:16:03]} Qc5
{[%clk 0:22:21]} 33. Bxb7 {[%clk 0:13:00]} Rf8 {[%clk 0:21:46]} 34. Qe2 {[%clk
0:10:25]} Bd4 {[%clk 0:21:36]} 35. Bf3 {[%clk 0:09:24]} Qf5 {[%clk 0:19:05]}
36. Rb3 {[%clk 0:09:25]} a5 {[%clk 0:18:09]} 37. Kg2 {[%clk 0:09:15]} Qf6
{[%clk 0:12:53]} 38. Qc4 {[%clk 0:05:12]} Ba7 {[%clk 0:11:06]} 39. Qc2 {[%clk
0:03:09]} Qd4 {[%clk 0:09:02]} 40. Rd3 {[%clk 0:02:17]} Qc5 {[%clk 0:08:28]}
41. Rc3 {[%clk 0:01:50]} Qd4 {[%clk 0:06:32]} 1/2-1/2

[Event "DVM U20 2017"]
[Site "Düsseldorf GER"]
[Date "2017.12.28"]
[Round "4"]
[White "Arndt, Magnus"]
[Black "Jurga, Jonas Vincent"]
[Result "1-0"]
[Termination "normal"]
[Board "1.5"]
[WhiteElo "2062"]
[BlackElo "1898"]
[WhiteClock "00:11:33"]
[BlackClock "00:36:49"]
[WhiteTeam "SK Doppelbauer Kiel"]
[BlackTeam "OSG Baden-Baden"]
[PlyCount "77"]
[WhiteFideId "12998656"]
[BlackFideId "12968013"]
[EventCountry "GER"]
[EventRounds "7"]
[EventType "team-swiss"]
[EventDate "2017.12.26"]

1. e4 {[%clk 1:30:58]} e5 {[%clk 1:30:31]} 2. Nf3 {[%clk 1:31:15]} Nc6 {[%clk
1:30:54]} 3. d4 {[%clk 1:31:35]} exd4 {[%clk 1:31:13]} 4. Nxd4 {[%clk 1:32:00]}
Bc5 {[%clk 1:31:33]} 5. Nb3 {[%clk 1:32:25]} Bb6 {[%clk 1:31:55]} 6. Nc3 {[%clk
1:32:50]} Qf6 {[%clk 1:31:37]} 7. Qe2 {[%clk 1:31:02]} Nge7 {[%clk 1:31:01]} 8.
Be3 {[%clk 1:28:37]} Bxe3 {[%clk 1:28:00]} 9. Qxe3 {[%clk 1:28:44]} a6 {[%clk
1:27:56]} 10. g3 {[%clk 1:24:22]} d6 {[%clk 1:27:10]} 11. f4 {[%clk 1:19:21]}
g6 {[%clk 1:19:43]} 12. Bg2 {[%clk 1:12:45]} Bd7 {[%clk 1:18:23]} 13. O-O-O
{[%clk 1:08:18]} O-O-O {[%clk 1:11:56]} 14. Nd5 {[%clk 1:01:17]} Qe6 {[%clk
1:12:17]} 15. Qf2 {[%clk 1:00:20]} f5 {[%clk 1:08:14]} 16. Rhe1 {[%clk
0:56:50]} fxe4 {[%clk 1:03:25]} 17. Rxe4 {[%clk 0:56:31]} Qxd5 {[%clk 1:03:04]}
18. Rxd5 {[%clk 0:56:41]} Nxd5 {[%clk 1:03:29]} 19. a3 {[%clk 0:48:02]} Nf6 20.
Re1 {[%clk 0:47:05]} Kb8 {[%clk 0:59:09]} 21. Nd4 {[%clk 0:42:01]} Rhe8 {[%clk
0:56:04]} 22. Nxc6+ {[%clk 0:38:44]} Bxc6 {[%clk 0:56:23]} 23. Bxc6 {[%clk
0:39:08]} bxc6 {[%clk 0:56:26]} 24. Re2 {[%clk 0:31:39]} Kb7 {[%clk 0:48:48]}
25. b3 {[%clk 0:25:48]} Rxe2 {[%clk 0:44:31]} 26. Qxe2 {[%clk 0:26:14]} Re8
{[%clk 0:44:48]} 27. Qd2 {[%clk 0:23:12]} Re7 {[%clk 0:42:05]} 28. Qb4+ {[%clk
0:21:52]} Kc8 {[%clk 0:38:45]} 29. Qc3 {[%clk 0:21:46]} Nd7 {[%clk 0:37:14]}
30. Qxc6 {[%clk 0:21:24]} Nb8 {[%clk 0:34:57]} 31. Qc4 {[%clk 0:20:22]} Kd7
{[%clk 0:35:02]} 32. Qg8 {[%clk 0:19:21]} Nc6 {[%clk 0:35:16]} 33. Qa8 {[%clk
0:13:34]} a5 {[%clk 0:35:30]} 34. Qg8 {[%clk 0:13:26]} Nd4 {[%clk 0:35:39]} 35.
Qc4 {[%clk 0:12:58]} Nc6 {[%clk 0:35:48]} 36. Kd2 {[%clk 0:12:33]} Re8 {[%clk
0:36:01]} 37. c3 {[%clk 0:11:50]} Re7 {[%clk 0:36:23]} 38. b4 {[%clk 0:11:26]}
axb4 {[%clk 0:36:49]} 39. cxb4 {[%clk 0:11:33]} 1-0

[Event "DVM U20 2017"]
[Site "Düsseldorf GER"]
[Date "2017.12.28"]
[Round "4"]
[White "Visvikis, Christos"]
[Black "Karlisch, Moritz"]
[Result "1-0"]
[Termination "normal"]
[Board "1.6"]
[WhiteElo "1882"]
[BlackElo "1859"]
[WhiteClock "00:17:58"]
[BlackClock "00:06:16"]
[WhiteTeam "OSG Baden-Baden"]
[BlackTeam "SK Doppelbauer Kiel"]
[PlyCount "65"]
[WhiteFideId "12967955"]
[BlackFideId "12964859"]
[EventCountry "GER"]
[EventRounds "7"]
[EventType "team-swiss"]
[EventDate "2017.12.26"]

1. e4 {[%clk 1:30:58]} e6 {[%clk 1:30:58]} 2. d4 {[%clk 1:31:24]} d5 {[%clk
1:31:20]} 3. exd5 {[%clk 1:31:48]} exd5 {[%clk 1:31:42]} 4. Nf3 {[%clk
1:32:11]} Bd6 {[%clk 1:31:04]} 5. c4 {[%clk 1:32:36]} c6 {[%clk 1:27:51]} 6.
Nc3 {[%clk 1:32:31]} Nf6 {[%clk 1:23:55]} 7. Bd3 {[%clk 1:30:39]} O-O {[%clk
1:23:12]} 8. O-O {[%clk 1:31:03]} h6 {[%clk 1:18:44]} 9. Re1 {[%clk 1:16:38]}
Be6 {[%clk 1:11:27]} 10. c5 {[%clk 1:09:34]} Bc7 {[%clk 1:10:55]} 11. b4 {[%clk
1:08:54]} a5 {[%clk 1:08:59]} 12. b5 {[%clk 1:08:29]} b6 {[%clk 1:08:21]} 13.
Ba3 {[%clk 1:08:22]} Re8 {[%clk 1:05:14]} 14. Rb1 {[%clk 1:03:36]} bxc5 {[%clk
1:01:19]} 15. Bxc5 {[%clk 1:02:04]} cxb5 {[%clk 0:59:18]} 16. Nxb5 {[%clk
0:58:50]} Nfd7 {[%clk 0:52:09]} 17. Ba3 {[%clk 0:52:59]} Na6 {[%clk 0:45:10]}
18. Qd2 {[%clk 0:39:09]} Nf6 {[%clk 0:37:46]} 19. Ne5 {[%clk 0:31:48]} Ng4
{[%clk 0:32:56]} 20. f4 {[%clk 0:25:08]} Bd7 {[%clk 0:22:05]} 21. Nxc7 {[%clk
0:23:29]} Nxc7 {[%clk 0:21:19]} 22. Qc2 {[%clk 0:17:47]} Nxe5 {[%clk 0:17:39]}
23. fxe5 {[%clk 0:18:10]} Rc8 {[%clk 0:16:05]} 24. Qf2 {[%clk 0:18:33]} Ne6
{[%clk 0:15:53]} 25. Rf1 {[%clk 0:18:34]} f6 {[%clk 0:07:07]} 26. Bg6 {[%clk
0:17:50]} fxe5 {[%clk 0:06:31]} 27. Bxe8 {[%clk 0:17:45]} Qxe8 {[%clk 0:06:40]}
28. dxe5 {[%clk 0:17:12]} Ng5 {[%clk 0:06:31]} 29. Qd4 {[%clk 0:17:21]} Be6
{[%clk 0:06:36]} 30. Rf8+ {[%clk 0:17:35]} Qxf8 {[%clk 0:06:54]} 31. Bxf8
{[%clk 0:17:59]} Kxf8 {[%clk 0:06:42]} 32. Qb6 {[%clk 0:17:35]} Bf5 {[%clk
0:06:16]} 33. Rf1 {[%clk 0:17:58]} 1-0

[Event "DVM U20 2017"]
[Site "Düsseldorf GER"]
[Date "2017.12.28"]
[Round "4"]
[White "Hartge, Gedeon"]
[Black "Xu, Xianliang"]
[Result "0-1"]
[Termination "normal"]
[Board "2.1"]
[BlackTitle "FM"]
[WhiteElo "2140"]
[BlackElo "2401"]
[WhiteClock "00:28:38"]
[BlackClock "00:29:52"]
[WhiteTeam "USV Halle"]
[BlackTeam "SG Porz"]
[PlyCount "82"]
[WhiteFideId "12932116"]
[BlackFideId "4603230"]
[EventCountry "GER"]
[EventRounds "7"]
[EventType "team-swiss"]
[EventDate "2017.12.26"]

1. d4 {[%clk 1:30:59]} d5 {[%clk 1:30:50]} 2. c4 {[%clk 1:31:22]} Nc6 {[%clk
1:30:58]} 3. Nf3 {[%clk 1:31:47]} Bg4 {[%clk 1:31:12]} 4. cxd5 {[%clk 1:32:12]}
Bxf3 {[%clk 1:31:38]} 5. gxf3 {[%clk 1:32:37]} Qxd5 {[%clk 1:32:03]} 6. e3
{[%clk 1:33:01]} e5 {[%clk 1:32:26]} 7. Nc3 {[%clk 1:33:27]} Bb4 {[%clk
1:32:51]} 8. Bd2 {[%clk 1:33:52]} Bxc3 {[%clk 1:33:15]} 9. bxc3 {[%clk
1:34:18]} Qd7 {[%clk 1:33:38]} 10. Rb1 {[%clk 1:33:47]} b6 {[%clk 1:33:36]} 11.
f4 {[%clk 1:30:30]} exf4 {[%clk 1:33:53]} 12. e4 {[%clk 1:30:54]} Nge7 {[%clk
1:34:04]} 13. Qf3 {[%clk 1:26:35]} Ng6 {[%clk 1:25:49]} 14. h4 {[%clk 1:11:02]}
h5 {[%clk 1:22:15]} 15. Bxf4 {[%clk 1:05:19]} Nxf4 {[%clk 1:20:18]} 16. Qxf4
{[%clk 1:05:44]} Ne7 {[%clk 1:18:42]} 17. Qg3 {[%clk 0:47:56]} Qe6 {[%clk
1:13:45]} 18. Bd3 {[%clk 0:45:34]} O-O-O {[%clk 1:11:01]} 19. Qh3 {[%clk
0:38:43]} Rh6 {[%clk 0:59:16]} 20. Rb5 {[%clk 0:30:41]} f5 {[%clk 0:37:15]} 21.
Re5 {[%clk 0:27:50]} Qf6 {[%clk 0:33:16]} 22. exf5 {[%clk 0:27:26]} Kb8 {[%clk
0:33:03]} 23. Qf3 {[%clk 0:22:30]} Qf7 {[%clk 0:24:22]} 24. Qe4 {[%clk
0:17:24]} Nc8 {[%clk 0:24:40]} 25. O-O {[%clk 0:15:42]} Qxa2 {[%clk 0:23:30]}
26. Re8 {[%clk 0:11:18]} Rxe8 {[%clk 0:21:47]} 27. Qxe8 {[%clk 0:11:47]} Qa3
{[%clk 0:22:11]} 28. Re1 {[%clk 0:09:19]} Qxc3 {[%clk 0:17:26]} 29. Re3 {[%clk
0:04:34]} Qxd4 {[%clk 0:15:16]} 30. Ba6 {[%clk 0:04:21]} Qa1+ {[%clk 0:15:39]}
31. Bf1 {[%clk 0:04:35]} Rd6 {[%clk 0:09:31]} 32. Re1 {[%clk 0:02:03]} Rd1
{[%clk 0:08:21]} 33. Rxd1 {[%clk 0:02:32]} Qxd1 {[%clk 0:08:46]} 34. Qe5 {[%clk
0:02:57]} Qg4+ {[%clk 0:05:18]} 35. Bg2 {[%clk 0:03:21]} Qd1+ {[%clk 0:05:14]}
36. Bf1 {[%clk 0:03:42]} Qb1 {[%clk 0:02:10]} 37. Qxg7 {[%clk 0:02:44]} Qxf5
{[%clk 0:02:24]} 38. Ba6 {[%clk 0:02:55]} Qb1+ {[%clk 0:02:07]} 39. Kg2 {[%clk
0:01:55]} Qe4+ {[%clk 0:02:27]} 40. Kg3 {[%clk 0:02:01]} Qe8 {[%clk 0:00:46]}
41. Bxc8 {[%clk 0:28:38]} Kxc8 {[%clk 0:29:52]} 0-1

[Event "DVM U20 2017"]
[Site "Düsseldorf GER"]
[Date "2017.12.28"]
[Round "4"]
[White "Fieberg, Samuel"]
[Black "Gröbel, Aaron"]
[Result "1-0"]
[Termination "normal"]
[Board "2.2"]
[WhiteElo "2234"]
[BlackElo "2103"]
[WhiteClock "00:02:09"]
[BlackClock "00:01:01"]
[WhiteTeam "SG Porz"]
[BlackTeam "USV Halle"]
[PlyCount "99"]
[WhiteFideId "12901717"]
[BlackFideId "12914851"]
[EventCountry "GER"]
[EventRounds "7"]
[EventType "team-swiss"]
[EventDate "2017.12.26"]

1. e4 {[%clk 1:30:58]} e5 {[%clk 1:30:54]} 2. Nf3 {[%clk 1:31:26]} Nc6 {[%clk
1:31:20]} 3. Bc4 {[%clk 1:31:52]} Bc5 {[%clk 1:31:44]} 4. c3 {[%clk 1:32:17]}
Nf6 {[%clk 1:32:10]} 5. d3 {[%clk 1:32:43]} a6 {[%clk 1:32:33]} 6. O-O {[%clk
1:33:00]} d6 {[%clk 1:31:37]} 7. a4 {[%clk 1:33:18]} Ba7 {[%clk 1:31:49]} 8. a5
{[%clk 1:33:41]} h6 {[%clk 1:32:08]} 9. Qb3 {[%clk 1:33:50]} O-O {[%clk
1:31:04]} 10. Be3 {[%clk 1:34:14]} Ne7 {[%clk 1:29:24]} 11. Bxa7 {[%clk
1:34:24]} Rxa7 {[%clk 1:29:44]} 12. Nbd2 {[%clk 1:34:32]} Ng6 {[%clk 1:28:55]}
13. Rfe1 {[%clk 1:34:47]} Nh5 {[%clk 1:26:22]} 14. d4 {[%clk 1:35:05]} Qf6
{[%clk 1:23:39]} 15. Bf1 {[%clk 1:33:06]} Nhf4 {[%clk 1:18:18]} 16. d5 {[%clk
1:31:50]} Nh4 {[%clk 1:06:46]} 17. c4 {[%clk 1:26:51]} Nxf3+ {[%clk 1:04:31]}
18. Qxf3 {[%clk 1:25:42]} Qg5 {[%clk 1:01:43]} 19. Qg3 {[%clk 1:16:06]} Nh3+
{[%clk 0:56:26]} 20. gxh3 {[%clk 1:14:27]} Qxd2 {[%clk 0:56:50]} 21. Qe3 {[%clk
1:14:25]} Qxe3 {[%clk 0:57:14]} 22. Rxe3 {[%clk 1:14:50]} f5 {[%clk 0:56:03]}
23. f3 {[%clk 1:14:32]} fxe4 {[%clk 0:52:47]} 24. fxe4 {[%clk 1:14:57]} Bd7
{[%clk 0:50:13]} 25. b4 {[%clk 0:52:03]} b6 {[%clk 0:36:25]} 26. Rea3 {[%clk
0:46:28]} Rfa8 {[%clk 0:36:02]} 27. b5 {[%clk 0:45:21]} Bc8 {[%clk 0:34:10]}
28. axb6 {[%clk 0:38:27]} cxb6 {[%clk 0:33:59]} 29. c5 {[%clk 0:32:15]} bxc5
{[%clk 0:29:29]} 30. bxa6 {[%clk 0:27:35]} Rb8 {[%clk 0:27:57]} 31. Kf2 {[%clk
0:26:53]} Kf8 {[%clk 0:21:56]} 32. Ke3 {[%clk 0:25:38]} Rb4 {[%clk 0:17:17]}
33. h4 {[%clk 0:23:46]} Rb2 {[%clk 0:16:11]} 34. Be2 {[%clk 0:21:43]} Bd7
{[%clk 0:12:14]} 35. R1a2 {[%clk 0:19:25]} Rb4 {[%clk 0:10:39]} 36. Ra5 {[%clk
0:11:45]} Ke7 {[%clk 0:08:20]} 37. Bd3 {[%clk 0:11:23]} Rb3 {[%clk 0:05:55]}
38. Kd2 {[%clk 0:11:05]} Rb4 {[%clk 0:06:14]} 39. Kc3 {[%clk 0:10:52]} Rb6
{[%clk 0:06:09]} 40. Rg2 {[%clk 0:09:20]} Kf7 {[%clk 0:06:11]} 41. Rf2+ {[%clk
0:02:22]} Kg8 {[%clk 0:03:40]} 42. Rb2 {[%clk 0:01:05]} Rxb2 {[%clk 0:03:30]}
43. Kxb2 {[%clk 0:01:26]} Kf7 {[%clk 0:03:30]} 44. Ra3 {[%clk 0:01:43]} Ke7
{[%clk 0:03:30]} 45. Rb3 {[%clk 0:02:01]} Kd8 {[%clk 0:02:56]} 46. Rb8+ {[%clk
0:01:51]} Bc8 {[%clk 0:01:35]} 47. Rb6 {[%clk 0:01:57]} Kc7 {[%clk 0:00:42]}
48. Rc6+ {[%clk 0:02:10]} Kd7 {[%clk 0:00:51]} 49. Bb5 {[%clk 0:01:54]} Ke7
{[%clk 0:01:01]} 50. Rxc8 {[%clk 0:02:09]} 1-0